000 00347nam a2200133Ia 4500
005 20251222143210.0
008 251222s9999||||xx |||||||||||||| ||spa||
082 _a371.385/C78
100 _aCorvera Ormeño, Enrique
245 0 _aGuía para el Uso de Recursos Educativos
250 _a2a.ed.
264 _bMinisterio de Educación
942 _cLIB
999 _c13424
_d13424